| 000 | 00735nam a2200217 i 4500 | ||
|---|---|---|---|
| 001 | 50271 | ||
| 003 | ES-MaACL | ||
| 005 | 20260129180909.0 | ||
| 007 | t| | ||
| 008 | 030801s1972 sp ||||1| spa d | ||
| 245 | 0 | 0 |
_aCuestiones de hoy / _cJosé Mª de Areilza ... [et al.] ; prólogo y notas introductorias de Jaime Serrars Ollé. |
| 250 | _a[1ª ed.]. | ||
| 260 |
_a[Barcelona] : _bDopesa, _c[1972] |
||
| 300 |
_a179 p. : _b2 map. ; _c22 cm. |
||
| 490 | 1 |
_aTestimonios de actualidad ; _v22 |
|
| 700 | 1 |
_aAreilza, José María de, _d1909-1998 _922575 |
|
| 700 | 1 |
_aSerrats Olle, Jaime. _9201769 |
|
| 830 | 0 |
_aTestimonio de actualidad _v22 _9181695 |
|
| 852 |
_aES-MaACL _jE-5582 _bR.90064 |
||
| 999 |
_c50271 _d50271 |
||